Water quality: environment resource papers (Record no. 61488)

MARC details
000 -LEADER
fixed length control field 00560nam a2200157 a 4500
008 - FIXED-LENGTH DATA ELEMENTS--GENERAL INFORMATION
fixed length control field 120416s1975 ||||||||||||||||| || u
050 ## - LIBRARY OF CONGRESS CALL NUMBER
Classification number QH 541.5.W3 Bio
110 ## - MAIN ENTRY--CORPORATE NAME
Corporate name or jurisdiction name as entry element Biological Science Curriculum
245 10 - TITLE STATEMENT
Title Water quality: environment resource papers
260 ## - PUBLICATION, DISTRIBUTION, ETC.
Place of publication, distribution, etc. Menlo Park
Name of publisher, distributor, etc. Addison-Wesley
Date of publication, distribution, etc. 1975
300 ## - PHYSICAL DESCRIPTION
Extent (4), 56p. : ill
350 ## - PRICE (NR) (BK AM CF MU VM SE) [OBSOLETE]
Price 0.00
650 ## - SUBJECT ADDED ENTRY--TOPICAL TERM
Topical term or geographic name entry element AQUATIC ECOLOGY
650 ## - SUBJECT ADDED ENTRY--TOPICAL TERM
Topical term or geographic name entry element ECOLOGY
995 ## - RECOMMENDATION 995 [LOCAL, UNIMARC FRANCE]
-- 0.00
-- CBU-MAIN LIBRARY (Kitwe)
-- 1
-- 1.50
-- 1
-- DAMAGED
-- Main Library Open Access Collection
Holdings
Withdrawn status Lost status Source of classification or shelving scheme Damaged status Not for loan Home library Current library Shelving location Date acquired Total Checkouts Full call number Barcode Date last seen Price effective from Koha item type
          CBU-MAIN LIBRARY, KITWE. CBU-MAIN LIBRARY, KITWE.   11/30/2022   QH 541.5.W3 Bio 026716 11/30/2022 11/30/2022 MONOGRAPH